| 000 | 00956cam a2200301 i 4500 | ||
|---|---|---|---|
| 001 | 200421394 | ||
| 003 | TR-AnTOB | ||
| 005 | 20241010103447.0 | ||
| 007 | ta | ||
| 008 | 150218m19791977tu 000 0 tur d | ||
| 040 |
_aTR-AnTOB _beng _erda _cTR-AnTOB |
||
| 041 | 0 | _atur | |
| 050 | 0 | 0 |
_aDR592 _b.V45 |
| 090 |
_aDR592 _b.V45 |
||
| 100 | 1 |
_aVelidedeoğlu, Hıfzı Veldet, _d1904-1992 _eauthor _9104226 |
|
| 245 | 1 | 0 |
_aAnıların izinde / _cHıfzı Veldet Velidedeoğlu. |
| 264 | 1 |
_aİstanbul : _bRemzi Kitabevi, _c1977-1979. |
|
| 300 |
_avolumes ; _c20 cm |
||
| 336 |
_atext _btxt _2rdacontent |
||
| 337 |
_aunmediated _bn _2rdamedia |
||
| 338 |
_avolume _bnc _2rdacarrier |
||
| 490 | 0 | _aRemzi Kitabevi yayınları | |
| 590 | _aOne copy Donated by Levent Kuşoğlu (2 volumes) | ||
| 600 | 1 | 0 |
_aVelidedeoğlu, Hıfzı Veldet, _d1904-1992 _9104226 |
| 651 | 0 |
_aTürkiye _xTarih _9120729 |
|
| 942 |
_cBK _2lcc |
||
| 999 |
_c200421394 _d38135 |
||